01753nam a2200241Ia 4500001000600000003000900006008004100015040001300056040001300069041001300082100001900095100002900114245007200143245007200215250001100287260001100298260001600309260004900325300005700374500102900431650002001460650003101480F4094IT-RoPAU130308s9999 xx 000 0 und d aIT-RoPAU cIT-RoPAU aITALIANO aGarzya Antonio gCodice Aut. SPICS: 51386 aParola e la scena (La). Studi sul teatro antico da Eschilo a Plauto bParola e la scena (La). Studi Sul Teatro Antico da Eschilo a Plauto a1a ed. aNAPOLI bBibliopolis c1997 [1° Ed.:1997 - Ed.Ling.Originale:1997] a"412 p. (prefazione: no ; testo: 412 [pagine: 0-0])" aNutrita Serie di ricerche teatrali Ordinate per buona parte Secondo Due Direttrici: Dimensione del Tragico e Drammaturgia. da una parte Stanno Alcunidrammi di Eschilo, Anche di quelli Giunti in Frammenti, Dall'Altra forme Compositive Quali L'Ecphrasis, L'Ironia, Il Dialogo Incastrato... Altri Studi Riguardano la commedia Nuova, Il Teatro Romano, Il Christus Patiens. Gorgia e L'Apath della Tragedia. ironia Tragica nel Teatro Greco del V Secolo A.C. Temistio e I primordi della Tragedia. Cronologia del Christus Patiens. Di Eschilo: sette a Tebe, Niobe, Mirmidoni, Frigi, Etnee, Prometeo Incatenato, Persiani e Supplici. Sunesis Come Malattia: Euripide e Ippocrate. Ricognizioni Sull'Alceste di Barcellona. Data e Luogo di rappresentazione dell'Andromaca di Euripide. su Alcuni versi dell'Esodo delle Coefore. Rifacimentodi scena delle Fenicie di Euripide. commedia di Menandro. tosata di Menandro. Sicionio di Menandro e Realtà Politica del Tempo. a Proposito dell'interpretazione del Rudens di Plauto. 9 Illustrazioni. aSAGGI DI TEATRO eCodice materia Spics: 8411